000 00467nam a22001457a 4500
003 macl
005 20180407133126.0
008 180407b xxu||||| |||| 00| 0 eng d
040 _cmacl
100 _aउदयभानु हंस
_971744
245 _aहिन्‍दी भाषा और साहित्‍य
260 _aदिल्‍ली
_bअनिल प्रकाशन
_c2016
650 _aसाहित्‍य
_971745
942 _2ddc
_cHIN
999 _c57509
_d57509